Telltale's The Walking Dead: Season 1 Characters Quiz Stats

 Plays Quiz not verified by Sporcle

Score 0/63 Timer 20:00
0 Plays Today
First Appearance - Status Character % Correct
A New Day - DeterminantLee Everett
96.9%
A New Day - AliveClementine
93.8%
A New Day - DeterminantKenny
93.8%
A New Day - DeterminantKenny Jr.
84.4%
400 Days: Vince's Story - UnknownVince
78.1%
A New Day - DeterminantLilly
75%
A New Day - DeadDoug
75%
400 Days: Bonnie's Story - DeterminantBonnie
75%
400 Days: Shel's Story - UnknownShel
75%
A New Day - DeadShawn Greene
71.9%
400 Days: Russell's Story - UnknownRussell
71.9%
A New Day - DeadLarry
68.8%
Starved For Help - DeadBen Paul
68.8%
400 Days: Wyatt's Story - UnknownWyatt
68.8%
A New Day - UnknownHershel Greene
65.6%
A New Day - DeadKatjaa
62.5%
A New Day - UnknownGlenn
62.5%
Long Road Ahead (voice only, later appears in No Time Left) - DeterminantStranger
59.4%
A New Day - DeadCarley
56.3%
Starved For Help - DeterminantAndrew St. John
53.1%
Long Road Ahead - DeadOmid
53.1%
Long Road Ahead - UnknownChrista
53.1%
A New Day (in a photograph, later appears in No Time Left) - Undead Ed
50%
A New Day - UnknownAndre Mitchell
46.9%
Starved For Help - UndeadMark
46.9%
Starved For Help - DeterminantDanny St. John
46.9%
400 Days: Vince's Story - DeterminantDanny
46.9%
Starved For Help - UndeadBrenda St. John
43.8%
Starved For Help - DeadTravis
43.8%
Long Road Ahead - DeadCharles
43.8%
A New Day - DeterminantChet
40.6%
Around Every Corner - UnknownMolly
40.6%
First Appearance - Status Character % Correct
A New Day (voice only, later appears in No Time Left) - UndeadDiana
37.5%
Starved For Help - DeadDavid Parker
37.5%
Around Every Corner - DeadBrie
37.5%
Around Every Corner - DeadVernon
34.4%
400 Days: Bonnie's Story - DeadDee
34.4%
A New Day - DeadIrene
31.3%
Starved For Help - DeadJolene
31.3%
400 Days: Wyatt's Story - UnknownEddie
28.1%
Long Road Ahead - DeadBeatrice
25%
400 Days: Shel's Story - UnknownBecca
25%
400 Days: Russell's Story - UnknownNate
25%
400 Days: Bonnie's Story - DeterminantLeland
25%
Long Road Ahead - DeadLinda
21.9%
400 Days: Shel's Story - DeadRoman
21.9%
Long Road Ahead - DeterminantDrew
18.8%
Around Every Corner - DeterminantBoyd
18.8%
Around Every Corner - UnknownClive
18.8%
Around Every Corner - UnknownJoyce
18.8%
400 Days: Vince's Story - DeterminantJustin
18.8%
400 Days: Russell's Story - DeterminantWalt
18.8%
400 Days: Shel's Story - DeterminantRoberto
18.8%
Long Road Ahead - DeterminantGary
15.6%
400 Days: Epilogue - UnknownTavia
15.6%
400 Days: Shel's Story - DeadStephanie
15.6%
400 Days: Vince's Story - DeadClyde
15.6%
400 Days: Russell's Story - UndeadJean
15.6%
Around Every Corner - DeadLogan
12.5%
400 Days: Vince's Story - DeterminantBennett
12.5%
400 Days: Vince's Story - DeadJerry
12.5%
400 Days: Vince's Story - DeadMarcus Crabtree
12.5%
Around Every Corner - UnknownAnna Correa
9.4%

You're not logged in!

Compare scores with friends on all Sporcle quizzes.
OR
Log In

Show Comments

Extras

Top Quizzes Today


Score Distribution

Your Account Isn't Verified!

In order to create a playlist on Sporcle, you need to verify the email address you used during registration. Go to your Sporcle Settings to finish the process.

Report this User

Report this user for behavior that violates our Community Guidelines.

Details: